Variabilidad de precios relativos en modelos de generaciones superpuestas (Registro nro. 24843)

Detalles MARC
000 -LEADER
fixed length control field 00360 a2200109 4500
001 - CONTROL NUMBER
control field ART_11000
005 - DATE AND TIME OF LATEST TRANSACTION
control field 20260410161849.0
008 - FIXED-LENGTH DATA ELEMENTS--GENERAL INFORMATION
fixed length control field 260409a
100 1# - MAIN ENTRY--PERSONAL NAME
Personal name Leone, Alfredo Mario
245 10 - TITLE STATEMENT
Title Variabilidad de precios relativos en modelos de generaciones superpuestas
773 0# - HOST ITEM ENTRY
Title Económica
Related parts - Año XXXII, Nº 1 (ene./jun. 1986)
Record control number REV7541

No hay ítems disponibles.